Detalles MARC
| 000 -CABECERA |
| Longitud fija campo de control |
02105nam a2200373 c 4500 |
| 001 - NÚMERO DE CONTROL |
| Número de control |
53569 |
| 003 - IDENTIFICADOR DE NÚMERO DE CONTROL |
| Identificador del número de control |
ES-MaCES |
| 005 - FECHA Y HORA DE LA ÚLTIMA TRANSACCIÓN |
| Fecha y hora de la última transacción |
20251115040006.0 |
| 008 - CAMPO FIJO DE DESCRIPCIÓN FIJA--INFORMACIÓN GENERAL |
| Códigos de información de longitud fija |
250210s2024 uk | 000 | eng d |
| 020 ## - ISBN (INTERNATIONAL STANDARD BOOK NUMBER) |
| Número Internacional Normalizado para Libros (ISBN) |
9780745349862 |
| 040 ## - FUENTE DE CATALOGACIÓN |
| Centro catalogador de origen |
ES-MaCES |
| Lengua de catalogación |
spa |
| Centro transcriptor |
ES-MaCES |
| 100 1# - ENCABEZAMIENTO PRINCIPAL--NOMBRE PERSONAL |
| 9 (RLIN) |
41290 |
| Nombre de persona |
Kwet, Michael |
| 245 10 - MENCIÓN DE TÍTULO |
| Título |
Digital degrowth |
| Resto del título |
: technology in the age of survival |
| Mención de responsabilidad, etc. |
Michael Kwet |
| 250 ## - MENCIÓN DE EDICIÓN |
| Mención de edición |
1st ed |
| 260 ## - PUBLICACIÓN, DISTRIBUCIÓN, ETC (PIE DE IMPRENTA) |
| Lugar de publicación, distribución, etc. |
London |
| Nombre del editor, distribuidor, etc. |
Pluto Press |
| Fecha de publicación, distribución, etc. |
2024 |
| 300 ## - DESCRIPCIÓN FÍSICA |
| Extensión |
X, 310 p. |
| Dimensiones |
24 cm |
| 520 3# - RESUMEN, ETC. |
| Sumario, etc, |
El mundo corre hacia una catástrofe ecológica irreversible. La ciencia ambiental deja claro que los seres humanos deben reducir el uso total de recursos materiales, lo que requiere una redistribución radical de la riqueza dentro y entre los países. Sin embargo, se ha prestado poca atención a cómo encaja la economía digital en esta ecuación.<br/>Michael Kwet, destacado experto en colonialismo digital, presenta un nuevo paradigma para la sociedad digital. Fusionando la ciencia del decrecimiento con un análisis global de la economía de alta tecnología, sostiene que el capitalismo digital y el colonialismo deben abolirse rápidamente. En Digital Degrowth, Kwet traza un camino hacia el futuro tecnológico de las personas. Pide acciones directas contra Silicon Valley, el imperialismo estadounidense y las élites del poder en todas partes para lograr una sociedad digital radicalmente igualitaria que fomente la igualdad en armonía con la naturaleza.<br/> |
| 541 ## - NOTA DE LA FUENTE INMEDIANTE DE ADQUISICIÓN |
| Forma de adquisición |
Compra |
| 650 #4 - ASIENTO SECUNDARIO DE MATERIA--TÉRMINO DE MATERIA |
| Término de materia o nombre geográfico como elemento inicial |
capitalismo |
| 9 (RLIN) |
27116 |
| 650 #4 - ASIENTO SECUNDARIO DE MATERIA--TÉRMINO DE MATERIA |
| Término de materia o nombre geográfico como elemento inicial |
economía colaborativa |
| 9 (RLIN) |
37923 |
| 650 #4 - ASIENTO SECUNDARIO DE MATERIA--TÉRMINO DE MATERIA |
| Término de materia o nombre geográfico como elemento inicial |
nuevas tecnologías |
| 9 (RLIN) |
30788 |
| 650 #4 - ASIENTO SECUNDARIO DE MATERIA--TÉRMINO DE MATERIA |
| Término de materia o nombre geográfico como elemento inicial |
crecimiento económico |
| 9 (RLIN) |
27094 |
| 650 #4 - ASIENTO SECUNDARIO DE MATERIA--TÉRMINO DE MATERIA |
| Término de materia o nombre geográfico como elemento inicial |
evaluación del impacto ambiental |
| 9 (RLIN) |
30344 |
| 650 #4 - ASIENTO SECUNDARIO DE MATERIA--TÉRMINO DE MATERIA |
| Término de materia o nombre geográfico como elemento inicial |
degradación del medio ambiente |
| 9 (RLIN) |
30722 |
| 650 #4 - ASIENTO SECUNDARIO DE MATERIA--TÉRMINO DE MATERIA |
| Término de materia o nombre geográfico como elemento inicial |
cambio tecnológico |
| 9 (RLIN) |
28236 |
| 650 #4 - ASIENTO SECUNDARIO DE MATERIA--TÉRMINO DE MATERIA |
| Término de materia o nombre geográfico como elemento inicial |
cambio social |
| 9 (RLIN) |
27286 |
| 650 #4 - ASIENTO SECUNDARIO DE MATERIA--TÉRMINO DE MATERIA |
| Término de materia o nombre geográfico como elemento inicial |
reforma económica |
| 9 (RLIN) |
29791 |
| 650 #4 - ASIENTO SECUNDARIO DE MATERIA--TÉRMINO DE MATERIA |
| Término de materia o nombre geográfico como elemento inicial |
desarrollo económico y social |
| 9 (RLIN) |
29234 |
| 650 #4 - ASIENTO SECUNDARIO DE MATERIA--TÉRMINO DE MATERIA |
| Término de materia o nombre geográfico como elemento inicial |
desarrollo sostenible |
| 9 (RLIN) |
30785 |
| 650 #4 - ASIENTO SECUNDARIO DE MATERIA--TÉRMINO DE MATERIA |
| Término de materia o nombre geográfico como elemento inicial |
teoría económica |
| 9 (RLIN) |
27076 |
| 653 10 - TÉRMINO DE INDEXACIÓN--NO CONTROLADO |
| Término no controlado |
Economía |
| 902 ## - CES. TIPO DE DOCUMENTO |
| Tipodoc (006$c Sirtex) |
LIB Libro |
| 942 ## - ELEMENTOS KOHA |
| Fuente de clasificaión o esquema |
Clasificación propia del CES |
| Koha [por defecto] tipo de item |
Monografías |
| Parte de clasificación |
Economía |